000 00689nam a22002411 4500
001 15796
003 BD-RjUL
005 20211208235904.0
008 140210r19721970ilu 001 0 eng d
035 _a(BD-RjUL)15851
040 _aDLC
_cDLC
_dDLC
_dBD-RjUL
_beng
041 _aeng
082 0 0 _a658
_bMAM 1972
100 1 _aMarvin, Philip Roger,
_d1916-
_948991
245 1 0 _aManagement goals:
_bguidelines and accountability /
_cby Philip Marvin.
260 _aHomewood, Ill. :
_bDow Jones-Irwin,
_c1968. [Reprinted 1972]
300 _axiii, 193 p. ;
_c24 cm.
350 _a6.95
650 0 _aManagement.
_948992
942 _2ddc
_cBK
999 _c15796
_d15796